|
|
|
|
| LEADER |
00000naa2a2200000 4500 |
| 001 |
421832 |
| 005 |
20241225170657.0 |
| 035 |
|
|
|a (RuTPU)RU\TPU\prd\79609
|
| 035 |
|
|
|a RU\TPU\tpu\4174
|
| 090 |
|
|
|a 421832
|
| 100 |
|
|
|a 20100406d1960 k||y0rusy50 ca
|
| 101 |
0 |
|
|a rus
|
| 102 |
|
|
|a RU
|
| 200 |
1 |
|
|a К определению энергии разрушения твердых диэлектриков при пробое
|f А. А. Воробьев, Г. А. Андреев
|
| 320 |
|
|
|a Библиогр.: 13 назв.
|
| 461 |
|
|
|0 (RuTPU)RU\TPU\prd\409
|x 0367-3294
|t Физика твердого тела
|f Академия наук СССР
|d 1959-
|
| 463 |
|
|
|0 (RuTPU)RU\TPU\prd\7754
|t Т. 2, № 5
|v С. 987-992
|d 1960
|
| 610 |
1 |
|
|a электричество
|
| 610 |
1 |
|
|a труды учёных ТПУ
|
| 610 |
1 |
|
|a диэлектрики
|
| 610 |
1 |
|
|a пробой
|
| 700 |
|
1 |
|a Воробьев
|b А. А.
|c российский физик
|c ректор Томского политехнического института, профессор
|f 1909-1981
|g Александр Акимович
|3 (RuTPU)RU\TPU\pers\12805
|4 070
|
| 701 |
|
1 |
|a Андреев
|b Г. А.
|4 070
|
| 801 |
|
0 |
|a RU
|b 63413507
|c 20011210
|g PSBO
|
| 801 |
|
2 |
|a RU
|b 63413507
|c 20100507
|g PSBO
|
| 942 |
|
|
|c BK
|